[Event "Chicago op 23rd"]
[Site "Wheeling"]
[Date "2014.05.26"]
[Round "8"]
[White "Harmon Vellotti, Luke"]
[Black "Leon Hoyos, Manuel"]
[Result "0-1"]
[WhiteElo "2396"]
[BlackElo "2525"]
[PlyCount "78"]
[EventDate "2014.05.22"]
[EventType "swiss"]
[EventRounds "9"]
[EventCountry "USA"]
[SourceTitle "CBM 160 Extra"]
[Source "ChessBase"]
[SourceDate "2014.07.01"]
[SourceVersion "1"]
[SourceVersionDate "2014.07.01"]
[SourceQuality "1"]

1. e4 e5 2. Nf3 Nc6 3. Bb5 a6 4. Ba4 d6 5. Bxc6+ bxc6 6. d4 f6 7. Nc3 g6 8. Be3 Nh6 9. h3 Nf7 10. Qe2 Bg7 11. 0-0-0 0-0 12. g4 Be6 13. Kb1 Qb8 14. a3 Qb7 15. Rhg1 Rab8 16. Bc1 Bh6 17. Rd2 Ng5 18. Nxg5 Bxg5 19. d5 Bxd2 20. Qxd2 cxd5 21. exd5 Bf7 22. Rd1 c6 23. dxc6 Qxc6 24. Nd5 Qxd5 25. Qxd5 Bxd5 26. Rxd5 Rb6 27. c4 Kf7 28. Be3 Rc6 29. b3 Ke6 30. Kc2 f5 31. Bh6 Rfc8 32. Kc3 Rc5 33. Rxc5 dxc5 34. b4 cxb4+ 35. axb4 f4 36. Bg5 h6 37. Bxh6 Rh8 38. Bg7 Rg8 39. Bh6 g5 0-1

[Event "Chicago op 23rd"]
[Site "Wheeling"]
[Date "2014.05.25"]
[Round "7"]
[White "Leon Hoyos, Manuel"]
[Black "Kovalyov, Anton"]
[Result "0-1"]
[WhiteElo "2525"]
[BlackElo "2636"]
[PlyCount "80"]
[EventDate "2014.05.22"]
[EventType "swiss"]
[EventRounds "9"]
[EventCountry "USA"]
[SourceTitle "CBM 160 Extra"]
[Source "ChessBase"]
[SourceDate "2014.07.01"]
[SourceVersion "1"]
[SourceVersionDate "2014.07.01"]
[SourceQuality "1"]

1. e4 c5 2. Nf3 e6 3. g3 a6 4. Bg2 b5 5. 0-0 Bb7 6. Re1 d6 7. d4 cxd4 8. Nxd4 Nd7 9. a4 bxa4 10. Rxa4 Nc5 11. Rb4 e5 12. Nf5 g6 13. Ne3 a5 14. Rb5 Bc6 15. Nc3 Bxb5 16. Nxb5 Rb8 17. c4 Nf6 18. Nd5 Bg7 19. Ndc7+ Kf8 20. Bd2 Nb7 21. Bh3 Ne8 22. Be3 Kg8 23. Nxe8 Qxe8 24. Ba7 Bf6 25. Nxd6 Nxd6 26. Qxd6 Kg7 27. Bxb8 Qxb8 28. Qa3 Rd8 29. c5 Rd2 30. b3 Rc2 31. Qxa5 Qxb3 32. Bg4 Qb2 33. Qa1 Qb4 34. Rc1 Qxe4 35. Bd7 Qd4 36. Rxc2 Qxa1+ 37. Kg2 Qd1 38. Ba4 Qd5+ 39. Kg1 Qe4 40. Bb3 Qb4 0-1

[Event "Chicago op 23rd"]
[Site "Wheeling"]
[Date "2014.05.23"]
[Round "3"]
[White "Leon Hoyos, Manuel"]
[Black "Xiong, Jeffery"]
[Result "0-1"]
[WhiteElo "2525"]
[BlackElo "2412"]
[PlyCount "74"]
[EventDate "2014.05.22"]
[EventType "swiss"]
[EventRounds "9"]
[EventCountry "USA"]
[SourceTitle "CBM 160 Extra"]
[Source "ChessBase"]
[SourceDate "2014.07.01"]
[SourceVersion "1"]
[SourceVersionDate "2014.07.01"]
[SourceQuality "1"]

1. Nf3 d5 2. g3 Bg4 3. Bg2 c6 4. c4 Nf6 5. Ne5 Be6 6. cxd5 Bxd5 7. Nf3 c5 8. Nc3 Bc6 9. 0-0 e6 10. d3 Be7 11. e4 Nbd7 12. Qe2 b5 13. d4 0-0 14. e5 Nd5 15. Ne4 Qb6 16. dxc5 Nxc5 17. Nxc5 Bxc5 18. Ng5 h6 19. Nf3 b4 20. Rd1 Bb5 21. Qe1 a5 22. Nd2 Rad8 23. Bf3 f6 24. Bg4 fxe5 25. Nf3 Nf6 26. Rxd8 Bxf2+ 27. Qxf2 Qxf2+ 28. Kxf2 Nxg4+ 29. Ke1 Rxd8 30. h3 Rf8 31. a4 Ba6 32. Nd2 Ne3 33. Ra2 Nc2+ 34. Kd1 Nd4 35. b3 e4 36. Bb2 e3 37. Bxd4 e2+ 0-1

[Event "San Sebastian Mendez Memorial 1st"]
[Site "San Sebastian del Pepino"]
[Date "2014.01.17"]
[Round "1"]
[White "Leon Hoyos, Manuel"]
[Black "Zilleruelo Irizarry, Diego"]
[Result "1-0"]
[WhiteElo "2528"]
[BlackElo "2043"]
[PlyCount "79"]
[EventDate "2014.01.17"]
[EventType "swiss"]
[EventRounds "7"]
[EventCountry "PUR"]
[SourceTitle "CBM 158 Extra"]
[Source "ChessBase"]
[SourceDate "2014.02.28"]
[SourceVersion "1"]
[SourceVersionDate "2014.02.28"]
[SourceQuality "1"]

1. e4 c6 2. d4 d5 3. f3 e6 4. Nc3 c5 5. exd5 exd5 6. dxc5 d4 7. Ne4 f5 8. Bg5 Qa5+ 9. Qd2 Qxd2+ 10. Nxd2 Bxc5 11. 0-0-0 Nc6 12. Nb3 Bb6 13. Ne2 h6 14. Bh4 d3 15. Rxd3 Nb4 16. Rd1 Nxa2+ 17. Kb1 Nb4 18. Nf4 g5 19. Bb5+ Nc6 20. Ng6 Rh7 21. Be1 Bd7 22. Bxc6 bxc6 23. Bb4 0-0-0 24. Rhe1 Nf6 25. c4 f4 26. Ka2 Be8 27. Ne7+ Kb7 28. Nc5+ Bxc5 29. Bxc5 Rxd1 30. Rxd1 Nd7 31. Ba3 a5 32. Nf5 Bg6 33. Nd6+ Ka6 34. Re1 Bd3 35. b3 a4 36. bxa4 Nb6 37. Kb3 h5 38. Re8 Bf1 39. Bc5 Bxg2 40. Rb8 1-0